000
00252nam a2200097Ia 4500
001
948178
005
20250826215514.0
008
250824s9999 xx 000 0 und d
245
0
_a
KARDAN KEDİ ÖYKÜLER
_c
LINDA NEWBERY
260
_b
KIRMIZI KEDİ YAYINLARI
999
_c
948178
_d
948178